|
|
|
|
| LEADER |
00000nam a22000007a 4500 |
| 005 |
20140521171317.0 |
| 007 |
cr|||| |||| |
| 008 |
140521c20129999cu ||||ss|||||0|||a1spa d |
| 035 |
|
|
|a 12125
|
| 040 |
|
|
|a vLex
|
| 090 |
|
|
|c 4929
|d 4929
|
| 245 |
0 |
0 |
|a Revista CubaLex
|h [Recurso electrn̤ico]
|
| 256 |
|
|
|a Servicio en ln̕ea
|
| 260 |
|
|
|a Ciudad de La Habana:
|b Unin̤ Nacional de Juristas de Cuba,
|c 2012 -
|
| 300 |
|
|
|a 1 recurso electrn̤ico
|
| 310 |
|
|
|a Mensual
|
| 506 |
1 |
0 |
|a Contenido solo disponible en los productos indicados
|d vLex Global
|d vLex Global (Academic Edition, excluding Law Schools)
|d vLex Global (U.S. Academic Edition, Law Schools)
|d vLex Global (U.S. Academic Edition, excluding Law Schools)
|d vLex Global (Academic Edition, Law Schools)
|
| 650 |
0 |
4 |
|a Derecho
|z Cuba
|
| 740 |
0 |
|
|a vLex Revistas (Servicio en ln̕ea)
|
| 856 |
4 |
0 |
|u http://vlex.com/source/revista-cubalex-12125
|z Acceso restringido
|
| 942 |
|
|
|c REV
|
| 999 |
0 |
|
|a Law
|